Normal view
MARC view
Entry Personal Name
001 - CONTROL NUMBER
- control field: 3103
003 - CONTROL NUMBER IDENTIFIER
- control field: BD-RjUL
005 - DATE AND TIME OF LATEST TRANSACTION
- control field: 20220522105626.0
008 - FIXED-LENGTH DATA ELEMENTS
- fixed length control field: 220522|| aca||aabn | a|a d
040 ## - CATALOGING SOURCE
- Original cataloging agency: BD-RjUL
- Transcribing agency: BD-RjUL
100 ## - HEADING--PERSONAL NAME
- Personal name: Ferdous, Jannatul
670 ## - SOURCE DATA FOUND
- Source citation: Work cat.: (BD-RjUL)79827: Ferdous, Jannatul, EFFECT OF THE PREDATOR, XYLOCORIS FLAVIPES (REUTER) AND THE INSECT GROWTH REGULATORS TRIFLUMURON AND DIFLUBENZURON ON TRIBOLIUM CASTANEUM (HERBST), 2006